000 00731nam a22002297a 4500
001 101211
003 UA-OsUOA
005 20220530195322.0
007 ta
008 20130610b un ||||| |||| 00| 0 ukr d
040 _aUA-OsUOA
_brus
_cUA-OsUOA
_dUA-OsUOA
041 _arus
080 _a94(47+571)
090 _a94(47+571)
245 _aМатериалы по истории крестьянского и помещичьего хозяйства первой чверти VIII в.
260 _aМ.
_bИзд-во академии наук СССР
_c1951
300 _a420 с.
650 7 _a94 Історія Росії
_2UDC
942 _cBK
_2udc
955 _a1
999 _c387924
_d387924